[Event "XIII Corsicoscacchi FIDE"]
[Site "Corsico ITA"]
[Date "1997.05.04"]
[Round "6"]
[White "Everet, Alexandro"]
[Black "Grinza, Andrea"]
[Result "1/2-1/2"]
[WhiteElo "2135"]
[BlackElo "2275"]
[PlyCount "144"]
[EventDate "1997.05.01"]

1. d4 Nf6 2. c4 c5 3. e3 cxd4 4. exd4 d5 5. Nc3 e6 6. cxd5 Nxd5 7. Bb5+ Bd7 8.
Bxd7+ Qxd7 9. Nge2 Be7 10. O-O Nc6 11. Be3 O-O 12. Nxd5 Qxd5 13. Nc3 Qf5 14.
Qa4 Rfd8 15. Rad1 Rd7 16. Rd2 Rad8 17. Rfd1 Bf6 18. h3 h6 19. Qc4 Ne7 20. Qc5
b6 21. Qc4 Nd5 22. Qd3 Qh5 23. Ne4 Qg6 24. a3 Bh4 25. Nc3 f5 26. Nxd5 Rxd5 27.
Qe2 Bf6 28. f4 Qf7 29. Kh1 Qd7 30. Bf2 Qe8 31. Qa6 Qe7 32. Qc4 Kh7 33. Be3 R8d6
34. g4 Qd8 35. a4 g6 36. b4 Bg7 37. Bf2 fxg4 38. hxg4 Qf6 39. Bg3 h5 40. f5 Rd7
41. Qe2 exf5 42. gxh5 g5 43. Be5 Qe6 44. Qg2 Qh6 45. Qh2 Bxe5 46. dxe5 Rxd2 47.
Rxd2 Rxd2 48. Qxd2 Qxh5+ 49. Kg1 Qg4+ 50. Kh1 Qh3+ 51. Kg1 Qg3+ 52. Kh1 Qh3+
53. Kg1 f4 54. Qc2+ Kh6 55. Qc6+ Kh7 56. Qe4+ Kg7 57. Qb7+ Kf8 58. Qb8+ Kf7 59.
Qxa7+ Ke6 60. Qxb6+ Kxe5 61. Qc5+ Kf6 62. Qf8+ Kg6 63. Qe8+ Kf6 64. Qc6+ Ke7
65. Qc5+ Kf6 66. a5 g4 67. Qd6+ Kf5 68. Qd5+ Kf6 69. a6 Qe3+ 70. Kg2 Qe2+ 71.
Kg1 Qxa6 72. Qd4+ Ke6 1/2-1/2

[Event "XIII Corsicoscacchi FIDE"]
[Site "Corsico ITA"]
[Date "1997.05.04"]
[Round "6"]
[White "Gori, Andrea"]
[Black "Piantoni, Roberto"]
[Result "0-1"]
[WhiteElo "1954"]
[BlackElo "2170"]
[PlyCount "80"]
[EventDate "1997.05.01"]

1. e4 e6 2. d4 d5 3. Nc3 Bb4 4. exd5 exd5 5. Qf3 Qe7+ 6. Be3 Nf6 7. h3 c5 8.
Nge2 Bxc3+ 9. bxc3 c4 10. Ng3 O-O 11. Be2 h6 12. O-O Be6 13. Rfb1 Nc6 14. Nf5
Bxf5 15. Qxf5 b6 16. Bf3 Qd8 17. a4 Re8 18. Rb5 Ne7 19. Qf4 a6 20. Rb2 Ng6 21.
Qg3 Ne4 22. Bxe4 Rxe4 23. Rab1 Qe8 24. Qd6 Rd8 25. Qxb6 Rxe3 26. fxe3 Qxe3+ 27.
Kh1 Re8 28. Qc6 Re4 29. Qxd5 Nh4 30. Rb8+ Kh7 31. Qxf7 Qg3 32. Qf1 Rf4 33. Qe2
Nf3 34. gxf3 Qxh3+ 35. Kg1 Rxf3 36. Qe4+ Rf5 37. Re8 Qg3+ 38. Qg2 Qxc3 39. Re5
Qxd4+ 40. Kh1 Qxe5 0-1

[Event "XIII Corsicoscacchi FIDE"]
[Site "Corsico ITA"]
[Date "1997.05.04"]
[Round "6"]
[White "Marcoli, Paolo"]
[Black "Castaldo, Folco"]
[Result "1/2-1/2"]
[WhiteElo "2150"]
[BlackElo "1987"]
[PlyCount "95"]
[EventDate "1997.05.01"]

1. e4 g6 2. d4 Bg7 3. Nc3 c6 4. Be3 d5 5. f3 dxe4 6. fxe4 Nf6 7. Nf3 O-O 8. Bd3
Nbd7 9. e5 Nd5 10. Nxd5 cxd5 11. Qd2 f6 12. Bh6 fxe5 13. Bxg7 Kxg7 14. dxe5 Nc5
15. O-O-O Bg4 16. Be2 e6 17. h4 Ne4 18. Qd4 Qb6 19. Rhe1 Bxf3 20. Bxf3 Qxd4 21.
Rxd4 Nc5 22. Kb1 b5 23. Bg4 Rae8 24. b3 h5 25. Be2 Rb8 26. g4 Kh6 27. Rg1 Ne4
28. gxh5 Nc3+ 29. Kb2 Nxe2 30. Rxg6+ Kh7 31. Rdg4 Rg8 32. c3 Rgc8 33. Rxe6 Rb6
34. Rxb6 axb6 35. c4 bxc4 36. bxc4 dxc4 37. Kc2 c3 38. e6 Re8 39. Re4 Ng3 40.
Re5 Kh6 41. e7 Nxh5 42. Re6+ Kg7 43. Kxc3 Nf4 44. Re4 Nd5+ 45. Kc4 Nxe7 46. Kb5
Kf6 47. h5 Rh8 48. Kxb6 1/2-1/2

[Event "XIII Corsicoscacchi FIDE"]
[Site "Corsico ITA"]
[Date "1997.05.04"]
[Round "6"]
[White "Mazzotti, Carlo"]
[Black "Rossi, Giampiero"]
[Result "1/2-1/2"]
[WhiteElo "2135"]
[BlackElo "2140"]
[PlyCount "77"]
[EventDate "1997.05.01"]

1. e4 c5 2. Nc3 e6 3. g3 Nc6 4. Bg2 d6 5. f4 g6 6. Nf3 Bg7 7. O-O Nge7 8. d3
O-O 9. Be3 Rb8 10. d4 cxd4 11. Nxd4 Nxd4 12. Bxd4 Bxd4+ 13. Qxd4 Nc6 14. Qf2 b5
15. Rfd1 b4 16. Ne2 Ba6 17. Rd2 Bxe2 18. Qxe2 Qb6+ 19. Qf2 Rfd8 20. Rad1 Qc7
21. Bf1 Rb6 22. f5 exf5 23. exf5 Ne5 24. Qf4 Qe7 25. f6 Qe6 26. Rf2 Kh8 27. Qh6
Rg8 28. Bh3 Ng4 29. Bxg4 Qxg4 30. Rfd2 Qf5 31. Rf2 Qe5 32. Rdf1 Rc6 33. Qd2
Qxb2 34. Qd5 Rxc2 35. Qxf7 Rxf2 36. Rxf2 Qc1+ 37. Kg2 Qc6+ 38. Kg1 Qc1+ 39. Kg2
1/2-1/2

[Event "XIII Corsicoscacchi FIDE"]
[Site "Corsico ITA"]
[Date "1997.05.04"]
[Round "6"]
[White "Natalucci, Fabrizio"]
[Black "Profumo, Alberto"]
[Result "1-0"]
[WhiteElo "2235"]
[BlackElo "2163"]
[PlyCount "136"]
[EventDate "1997.05.01"]

1. d4 Nf6 2. Nf3 g6 3. c4 Bg7 4. g3 O-O 5. Bg2 d6 6. Nc3 Nbd7 7. O-O e5 8. h3
c6 9. e4 Qb6 10. c5 dxc5 11. dxe5 Ne8 12. Na4 Qa6 13. Bg5 b5 14. Nc3 Nc7 15.
Be7 Re8 16. Bd6 Ne6 17. a4 b4 18. Ne2 Qb6 19. Nf4 Ba6 20. Re1 Rad8 21. Qb3 c4
22. Qxb4 Nec5 23. Qc3 Qb3 24. Qxb3 Nxb3 25. Rad1 Nb6 26. a5 Na4 27. Bf1 Bb5 28.
Ba3 Nxa5 29. Ne2 Nb3 30. Nc3 Nxc3 31. bxc3 c5 32. Rb1 a6 33. Red1 Rxd1 34. Rxd1
Bxe5 35. Nxe5 Rxe5 36. Rd5 Rxe4 37. Bxc5 Bc6 38. Rd8+ Re8 39. Bb6 Rxd8 40. Bxd8
Bd5 41. Be7 f5 42. h4 Kf7 43. Ba3 a5 44. Be2 Nd2 45. Bd1 Bc6 46. Bc2 Ke6 47.
Bc1 Nf3+ 48. Kf1 Be4 49. Ke2 Ne5 50. Ba4 Nd3 51. Be3 Kd6 52. Bb6 Nb2 53. Be8 a4
54. Ba5 Bc6 55. Bb4+ Kc7 56. Bf7 Nd3 57. Bxc4 Nxb4 58. cxb4 a3 59. Kd2 Bb5 60.
Bg8 h6 61. Kc2 Ba4+ 62. Kb1 g5 63. hxg5 hxg5 64. f4 gxf4 65. gxf4 Kd6 66. Ka2
Bd7 67. Kxa3 Kc6 68. Kb3 Kb6 1-0

[Event "XIII Corsicoscacchi FIDE"]
[Site "Corsico ITA"]
[Date "1997.05.04"]
[Round "6"]
[White "Radice, Luca"]
[Black "Oppici, Gabriele"]
[Result "0-1"]
[WhiteElo "2075"]
[BlackElo "2005"]
[PlyCount "79"]
[EventDate "1997.05.01"]

1. d4 Nc6 2. e4 e5 3. Nf3 exd4 4. Nxd4 Nf6 5. Nc3 Bb4 6. Nxc6 bxc6 7. Bd3 d5 8.
exd5 cxd5 9. O-O O-O 10. Bg5 c6 11. Ne2 Bg4 12. c3 Be7 13. Qc2 h6 14. Bh4 Bxe2
15. Qxe2 Re8 16. Rae1 Ne4 17. Bxe7 Qxe7 18. Bxe4 dxe4 19. Qc4 Qe6 20. Qxe6 Rxe6
21. Rd1 Rb8 22. b3 Rb5 23. Rd8+ Kh7 24. Rfd1 Ra5 25. a4 e3 26. fxe3 Rxe3 27.
R1d3 Re1+ 28. Kf2 Rb1 29. c4 Rb2+ 30. Kf1 Rf5+ 31. Ke1 Rxg2 32. R8d7 a5 33. Ra7
Rxh2 34. Rd2 Rxd2 35. Kxd2 h5 36. b4 axb4 37. a5 h4 38. a6 h3 39. Re7 h2 40.
Re1 0-1

[Event "XIII Corsicoscacchi FIDE"]
[Site "Corsico ITA"]
[Date "1997.05.04"]
[Round "6"]
[White "Ranieri, Fabrizio"]
[Black "Caruso, Daniele"]
[Result "1/2-1/2"]
[WhiteElo "2125"]
[BlackElo "2150"]
[PlyCount "94"]
[EventDate "1997.05.01"]

1. e4 e6 2. d4 d5 3. Nc3 Nf6 4. e5 Nfd7 5. Nce2 c5 6. c3 Nc6 7. Nf3 Be7 8. Ng3
cxd4 9. cxd4 f6 10. exf6 Nxf6 11. Be2 Qa5+ 12. Kf1 Bd7 13. Bf4 Qb6 14. Qd2 O-O
15. a3 Ng4 16. h3 Nxf2 17. Kxf2 e5 18. Bg5 e4 19. Bxe7 Nxe7 20. Rhe1 Qg6 21.
Bd3 Qf6 22. Bxe4 dxe4 23. Nxe4 Qh4+ 24. Kg1 Rxf3 25. gxf3 Nf5 26. Qg5 Qxh3 27.
Nf6+ Kh8 28. Qg4 Nxd4 29. Qxh3 Bxh3 30. Red1 Nb3 31. Rab1 gxf6 32. Rd6 Kg7 33.
Re1 Rf8 34. Kf2 Rf7 35. Red1 Re7 36. R1d3 Nc5 37. R3d5 Nd7 38. Kg3 Nb6 39. Rxb6
axb6 40. Kxh3 Re3 41. Kg3 Rb3 42. Rd2 Kg6 43. Kf4 h5 44. Rg2+ Kf7 45. Rh2 Ke6
46. Rxh5 Rxb2 47. Rh7 Rb5 1/2-1/2

[Event "XIII Corsicoscacchi FIDE"]
[Site "Corsico ITA"]
[Date "1997.05.04"]
[Round "6"]
[White "Sbarra, Marco"]
[Black "Podini, Francesco"]
[Result "1/2-1/2"]
[WhiteElo "2285"]
[BlackElo "2010"]
[PlyCount "53"]
[EventDate "1997.05.01"]

1. c4 e5 2. Nc3 Nf6 3. Nf3 Nc6 4. d4 exd4 5. Nxd4 Bb4 6. g3 Bxc3+ 7. bxc3 Ne5
8. Qb3 d6 9. Bg2 O-O 10. O-O Re8 11. Rd1 Qe7 12. h3 Ned7 13. Be3 Nc5 14. Qc2
Nfe4 15. g4 Bd7 16. Nb3 Na4 17. c5 Naxc5 18. Nxc5 Nxc5 19. Bxc5 dxc5 20. Bxb7
Rab8 21. Bf3 Rb6 22. Qd2 Be6 23. Rab1 h6 24. a4 Bb3 25. a5 Rd6 26. Rxb3 Rxd2
27. Rxd2 1/2-1/2

[Event "XIII Corsicoscacchi FIDE"]
[Site "Corsico ITA"]
[Date "1997.05.04"]
[Round "6"]
[White "Scotti, Umberto"]
[Black "Facchetti, Gianni"]
[Result "1-0"]
[WhiteElo "2130"]
[BlackElo "2125"]
[PlyCount "35"]
[EventDate "1997.05.01"]

1. e4 e5 2. Bc4 d6 3. Nf3 Nc6 4. d4 Bg4 5. h3 Bxf3 6. Qxf3 Qf6 7. Qb3 O-O-O 8.
d5 Nd4 9. Qd3 Qg6 10. O-O f5 11. f3 c6 12. c3 cxd5 13. exd5 b5 14. cxd4 bxc4
15. Qxc4+ Kd7 16. Qc6+ Ke7 17. dxe5 dxe5 18. Bg5+ 1-0

[Event "XIII Corsicoscacchi FIDE"]
[Site "Corsico ITA"]
[Date "1997.05.04"]
[Round "6"]
[White "Vicari, Luigi"]
[Black "Capece, Adolivio"]
[Result "1/2-1/2"]
[WhiteElo "2085"]
[BlackElo "1955"]
[PlyCount "80"]
[EventDate "1997.05.01"]

1. e4 c5 2. b3 Nc6 3. Bb2 Nf6 4. Nc3 e6 5. f4 d5 6. e5 Ng8 7. Nf3 a6 8. a4 Nh6
9. Bd3 Nb4 10. Qe2 Nxd3+ 11. Qxd3 Be7 12. Ne2 Bd7 13. Ng3 b5 14. axb5 Bxb5 15.
Qc3 O-O 16. Ba3 Rc8 17. Qb2 Re8 18. d3 Qb6 19. c4 Bc6 20. O-O Rb8 21. Rab1 Qa5
22. Qc1 Rb7 23. Nd2 Ng4 24. Ra1 Qb6 25. Qe1 d4 26. Qe2 Ne3 27. Rf2 a5 28. Ngf1
Nc2 29. Ra2 Nxa3 30. Rxa3 Qb4 31. Ra2 a4 32. bxa4 Ra8 33. Ng3 Rxa4 34. Rxa4
Qxa4 35. Nde4 Rb1+ 36. Rf1 Rxf1+ 37. Qxf1 Qc2 38. Nf2 Bh4 39. Qe2 Qxe2 40. Nxe2
Ba4 1/2-1/2

[Event "XIII Corsicoscacchi FIDE"]
[Site "Corsico ITA"]
[Date "1997.05.04"]
[Round "6"]
[White "Zoldan, Matteo"]
[Black "Faraoni, Enrico"]
[Result "1-0"]
[WhiteElo "2155"]
[BlackElo "2195"]
[PlyCount "53"]
[EventDate "1997.05.01"]

1. c4 Nf6 2. Nc3 g6 3. e4 d6 4. d4 Bg7 5. f3 Nc6 6. Nge2 O-O 7. Be3 a6 8. Qd2
Re8 9. h4 e5 10. d5 Nd4 11. Nxd4 exd4 12. Bxd4 c5 13. dxc6 bxc6 14. O-O-O Rb8
15. g4 c5 16. Bxc5 Bxg4 17. fxg4 Nxe4 18. Nxe4 Rxb2 19. Qxd6 Qa5 20. a3 Reb8
21. Bd3 Bf8 22. Qe5 R2b6 23. Rhf1 Bg7 24. Nf6+ Bxf6 25. Rxf6 Rb3 26. Bc2 Qa4
27. Rfd6 1-0

[Event "VIII C.to NATO"]
[Site "Apt FRA"]
[Date "1997.11.??"]
[Round "?"]
[White "Crapulli, Giuseppe"]
[Black "Baudin, Frederic"]
[Result "1/2-1/2"]
[WhiteElo "1900"]
[BlackElo "2220"]
[PlyCount "28"]
[EventDate "1997.11.09"]

1. Nf3 Nf6 2. g3 c5 3. Bg2 Nc6 4. O-O d5 5. d4 e6 6. dxc5 Bxc5 7. c4 O-O 8.
cxd5 Nxd5 9. a3 Be7 10. e4 Nf6 11. Qc2 Bd7 12. Nc3 e5 13. Rd1 Rc8 14. b4 Qc7
1/2-1/2

[Event "VIII C.to NATO"]
[Site "Apt FRA"]
[Date "1997.11.??"]
[Round "?"]
[White "Crapulli, Giuseppe"]
[Black "Le Bourhis, Dominique"]
[Result "1-0"]
[WhiteElo "1900"]
[BlackElo "2060"]
[PlyCount "106"]
[EventDate "1997.11.09"]

1. e4 c5 2. Nf3 d6 3. d4 cxd4 4. Nxd4 Nf6 5. Nc3 a6 6. Be2 e5 7. Nb3 Be7 8. a4
Be6 9. O-O O-O 10. Be3 Nbd7 11. a5 Rc8 12. f3 Qc7 13. Rf2 Qc6 14. Bf1 d5 15.
exd5 Nxd5 16. Nxd5 Bxd5 17. c4 Be6 18. Nd2 Rfd8 19. Qc2 Bc5 20. Bxc5 Qxc5 21.
Ne4 Qe7 22. Qc3 f6 23. b4 Nb8 24. c5 Rd4 25. Rd2 f5 26. Nf2 Rxd2 27. Qxd2 Rd8
28. Qc3 Nc6 29. Re1 Qh4 30. Nd3 Qc4 31. Qa3 Qd4+ 32. Kh1 Bc4 33. Rd1 Qe3 34.
Qc3 Qd4 35. Qc1 Bxd3 36. Bxd3 Qxb4 37. Bxf5 Qxa5 38. Rxd8+ Qxd8 39. Be4 Qd4 40.
h3 Nd8 41. Qg5 Qd7 42. Qxe5 h6 43. Bf5 Qf7 44. Qb8 Qe7 45. Be4 Kf8 46. Bxb7
Qxb7 47. Qxd8+ Kf7 48. Qd6 Qe7 49. Qf4+ Ke8 50. Qc4 Qe1+ 51. Kh2 Qe5+ 52. f4
Qf6 53. c6 Kd8 1-0

[Event "VIII C.to NATO"]
[Site "Apt FRA"]
[Date "1997.11.??"]
[Round "?"]
[White "Crapulli, Giuseppe"]
[Black "Wantiez, Fabrice"]
[Result "0-1"]
[WhiteElo "1900"]
[BlackElo "2105"]
[PlyCount "154"]
[EventDate "1997.11.09"]

1. e4 e5 2. Nf3 Nc6 3. Bb5 a6 4. Ba4 Nf6 5. O-O Be7 6. Re1 b5 7. Bb3 d6 8. c3
O-O 9. h3 Bb7 10. d4 Re8 11. Ng5 Rf8 12. Nf3 h6 13. Nbd2 Re8 14. a3 Bf8 15. Bc2
g6 16. d5 Nb8 17. b4 c6 18. c4 cxd5 19. cxd5 Qc7 20. Nb3 Bg7 21. Na5 Bc8 22. a4
bxa4 23. Bxa4 Bd7 24. Bb2 g5 25. Nh2 Bxa4 26. Qxa4 h5 27. Nf1 Qd8 28. Ng3 h4
29. Nf5 Ra7 30. Rac1 Rd7 31. Rc2 g4 32. Bc1 Nh5 33. hxg4 Nf4 34. Bxf4 exf4 35.
Nxg7 Kxg7 36. Qa1+ Kg6 37. Nc6 Qg5 38. Qd1 Rb7 39. Rb2 Nd7 40. f3 Rh8 41. Ree2
Ne5 42. Nxe5+ Qxe5 43. Kh2 Qf6 44. e5 dxe5 45. Qd3+ Kg7 46. Qe4 Re7 47. Kh3 Rb8
48. Red2 Rb5 49. d6 Rd7 50. Qc6 Rbb7 51. Qxa6 e4 52. fxe4 f3 53. Qf1 Rxd6 54.
Rxd6 Qxd6 55. Qxf3 Qd4 56. Rb1 Rc7 57. Rd1 Qxb4 58. Kxh4 f6 59. Qf4 Qe7 60. g5
Rc6 61. Rd5 Kh8 62. gxf6 Rxf6 63. Qxf6+ Qxf6+ 64. Rg5 Kh7 65. Kg4 Kh6 66. Rf5
Qe7 67. Kf3 Kg6 68. Ke3 Qa3+ 69. Kf4 Qd3 70. g3 Qf1+ 71. Ke3 Qg2 72. Kf4 Qf2+
73. Kg4 Qe3 74. Rf4 Qe2+ 75. Kh3 Qd1 76. Kg2 Kg5 77. Rf5+ 77... Kg6 $138 0-1

[Event "VIII C.to NATO"]
[Site "Apt FRA"]
[Date "1997.11.??"]
[Round "?"]
[White "Hammond, Andrew J.C."]
[Black "Donati, Roberto"]
[Result "1-0"]
[WhiteElo "2195"]
[BlackElo "1900"]
[PlyCount "53"]
[EventDate "1997.11.09"]

1. d4 d5 2. Nf3 Nf6 3. c4 c6 4. Nc3 g6 5. Bf4 Nbd7 6. Rc1 Nh5 7. Bd2 dxc4 8. e3
Nb6 9. Ne5 Be6 10. Ne4 f6 11. Nf3 Bd5 12. Nc5 e5 13. Nxb7 Qe7 14. Na5 exd4 15.
Nxd4 c5 16. Nf3 Nf4 17. Nxc4 Qe6 18. Nce5 Nxg2+ 19. Bxg2 fxe5 20. Ng5 Qd7 21.
Ne4 Be7 22. Qf3 Rf8 23. Qg3 Qf5 24. Nxc5 Bh4 25. Qxh4 Bxg2 26. Rg1 g5 27. Qh5+
1-0

[Event "VIII C.to NATO"]
[Site "Apt FRA"]
[Date "1997.11.??"]
[Round "?"]
[White "Kesmaecker, Philippe"]
[Black "Tommasini, Enzo"]
[Result "1/2-1/2"]
[WhiteElo "2340"]
[BlackElo "2085"]
[PlyCount "42"]
[EventDate "1997.11.09"]

1. d4 e6 2. Nf3 d5 3. c4 c6 4. Qc2 f5 5. g3 Nf6 6. Bg2 Bd6 7. O-O O-O 8. b3 Qe7
9. Bf4 Bxf4 10. gxf4 Ne4 11. Nbd2 Nd7 12. e3 Rf6 13. Rfd1 Rh6 14. Nf1 Ndf6 15.
Ne5 Bd7 16. f3 Nd6 17. c5 Nf7 18. b4 Nxe5 19. dxe5 Nh5 20. Qf2 Kh8 21. Ng3 Rg8
1/2-1/2

[Event "VIII C.to NATO"]
[Site "Apt FRA"]
[Date "1997.11.??"]
[Round "?"]
[White "Maxia, Giuseppe"]
[Black "Baudin, Frederic"]
[Result "1-0"]
[WhiteElo "1900"]
[BlackElo "2220"]
[PlyCount "73"]
[EventDate "1997.11.09"]

1. e4 c5 2. Nf3 d6 3. d4 cxd4 4. Nxd4 Nf6 5. Nc3 g6 6. Be3 Bg7 7. Be2 Nc6 8. f4
O-O 9. Nxc6 bxc6 10. O-O Rb8 11. Rb1 Qa5 12. Kh1 Ba6 13. Bxa6 Qxa6 14. Qd3 Qa5
15. h3 Rb7 16. b3 Rc8 17. Bd2 Qc7 18. f5 Rf8 19. Rf3 Nd7 20. fxg6 hxg6 21. Qf1
Ne5 22. Rf2 Qd7 23. Na4 Qe6 24. Qa6 Qc8 25. Rbf1 Bf6 26. Rxf6 exf6 27. Bh6 Re8
28. Rxf6 Rxb3 29. Qf1 Rb7 30. Rxd6 Re6 31. Rxe6 Qxe6 32. Nc5 Qc4 33. Qf6 Rb1+
34. Kh2 Ng4+ 35. hxg4 Rh1+ 36. Kxh1 Qf1+ 37. Qxf1 1-0

[Event "VIII C.to NATO"]
[Site "Apt FRA"]
[Date "1997.11.??"]
[Round "?"]
[White "Maxia, Giuseppe"]
[Black "Frederiksen, Henrik"]
[Result "1-0"]
[WhiteElo "1900"]
[BlackElo "2145"]
[PlyCount "40"]
[EventDate "1997.11.09"]

1. e4 c5 2. Nf3 d6 3. Bc4 e6 4. O-O Nf6 5. e5 dxe5 6. Nxe5 Be7 7. Nc3 O-O 8. d3
Nbd7 9. Bf4 Nb6 10. Bb3 Nbd5 11. Bxd5 exd5 12. Re1 d4 13. Ne4 Be6 14. Nxf6+
Bxf6 15. Ng4 Be7 16. Qf3 Bg5 17. Re5 Bxf4 18. Qxf4 Bxg4 19. Qxg4 Re8 20. Rxc5
Qe7 1-0

[Event "VIII C.to NATO"]
[Site "Apt FRA"]
[Date "1997.11.??"]
[Round "?"]
[White "Toll, Alec J."]
[Black "Crapulli, Giuseppe"]
[Result "1/2-1/2"]
[WhiteElo "2105"]
[BlackElo "1900"]
[PlyCount "36"]
[EventDate "1997.11.09"]

1. d4 Nf6 2. Nf3 e6 3. Bg5 h6 4. Bxf6 Qxf6 5. e4 d6 6. Nc3 Nd7 7. Qd2 g6 8.
O-O-O Bg7 9. e5 Qd8 10. h4 a6 11. Qf4 d5 12. Bd3 b6 13. Nxd5 exd5 14. e6 O-O
15. exd7 Bxd7 16. g4 Bb5 17. h5 Bxd3 18. Rxd3 g5 1/2-1/2

[Event "VIII C.to NATO"]
[Site "Apt FRA"]
[Date "1997.11.??"]
[Round "?"]
[White "Toumaniantz, Rouslan"]
[Black "Tommasini, Enzo"]
[Result "1/2-1/2"]
[WhiteElo "2090"]
[BlackElo "2085"]
[PlyCount "35"]
[EventDate "1997.11.09"]

1. e4 e6 2. d4 d5 3. Nc3 Nf6 4. Bg5 Bb4 5. e5 h6 6. Bd2 Nfd7 7. f4 a6 8. Nf3 c5
9. Ne2 Bxd2+ 10. Qxd2 Nc6 11. c3 b5 12. g3 Qb6 13. Bh3 g6 14. O-O b4 15. Rab1
a5 16. Qc2 Ne7 17. g4 Ba6 18. dxc5 1/2-1/2

[Event "Festival Maggio"]
[Site "Roma ITA"]
[Date "1997.04.??"]
[Round "1"]
[White "Bono, Leonardo"]
[Black "Tosoni, Augusto"]
[Result "0-1"]
[WhiteElo "1765"]
[BlackElo "2056"]
[PlyCount "150"]
[EventDate "1997.04.30"]

1. Nf3 Nf6 2. c4 g6 3. Nc3 Bg7 4. e4 d6 5. d4 O-O 6. Be2 e5 7. O-O exd4 8. Nxd4
Re8 9. f3 c6 10. Kh1 Nbd7 11. Bg5 Nb6 12. Rc1 h6 13. Bf4 Nh5 14. Be3 f5 15. Qd2
f4 16. Bf2 Be5 17. Rfd1 Qg5 18. g4 fxg3 19. Qxg5 hxg5 20. hxg3 Nxg3+ 21. Kg2
Nh5 22. Rg1 Nf4+ 23. Kf1 Nh3 24. Nb3 Nxg1 25. Bxg1 Bh3+ 26. Ke1 Rad8 27. c5
dxc5 28. Nxc5 Re7 29. a4 Bg3+ 30. Bf2 Bxf2+ 31. Kxf2 Rd2 32. a5 Nd7 33. Nd3 Ne5
34. Nxe5 Rxe5 35. b4 Rb2 36. Rb1 Rxb1 37. Nxb1 a6 38. Nd2 Be6 39. Ke3 Bf7 40.
Kd4 Re7 41. Kc5 Rd7 42. Nc4 Bxc4 43. Bxc4+ Kf8 44. Be6 Rd8 45. Kb6 Ke7 46. Bg4
Rd4 47. Kc5 Rd3 48. Kb6 Rb3 49. Kc5 Kd8 50. e5 Kc7 51. Kc4 Re3 52. Kd4 Re1 53.
Be6 b6 54. axb6+ Kxb6 55. Bc4 Rd1+ 56. Bd3 Kc7 57. Ke4 Ra1 58. Kd4 a5 59. bxa5
Rxa5 60. Bxg6 Kd7 61. Bf5+ Ke7 62. Bg4 Ra4+ 63. Kc5 Ra5+ 64. Kd4 Rd5+ 65. Ke4
Rd2 66. Kf5 c5 67. Kxg5 c4 68. Bf5 c3 69. f4 c2 70. Bxc2 Rxc2 71. f5 Rg2+ 72.
Kf4 Rg1 73. Ke4 Rf1 74. Ke3 Rxf5 75. Ke4 Ke6 0-1

[Event "Festival Maggio"]
[Site "Roma ITA"]
[Date "1997.04.??"]
[Round "1"]
[White "Corvi, Marco"]
[Black "Cesarini, Lanfranco"]
[Result "1-0"]
[WhiteElo "2235"]
[BlackElo "1798"]
[PlyCount "79"]
[EventDate "1997.04.30"]

1. g3 Nf6 2. Bg2 g6 3. d4 Bg7 4. Nf3 d5 5. O-O O-O 6. c4 c6 7. b3 Re8 8. Bb2
Nbd7 9. Nbd2 Nb6 10. Re1 Bg4 11. Ne5 Bf5 12. f3 Nfd7 13. Nxd7 Qxd7 14. c5 Nc8
15. Nf1 Bh3 16. Qd2 Bxg2 17. Kxg2 e6 18. g4 Qe7 19. Rad1 f5 20. h3 Bf6 21. e4
Bg5 22. Qd3 dxe4 23. fxe4 Bh4 24. Re2 fxg4 25. hxg4 Qg5 26. Nh2 b5 27. Rf1 a6
28. Qh3 Qd8 29. Nf3 Bf6 30. Ref2 Ra7 31. e5 Bg5 32. Nxg5 Qxg5 33. Bc1 Qd8 34.
Bh6 Ne7 35. Qf3 Nf5 36. gxf5 exf5 37. Qxc6 Rc7 38. Qf3 Qxd4 39. c6 Qxe5 40. Bf4
1-0

[Event "Festival Maggio"]
[Site "Roma ITA"]
[Date "1997.04.??"]
[Round "1"]
[White "Di Lascio, Savino"]
[Black "Scagliarini, Bruno"]
[Result "0-1"]
[WhiteElo "1927"]
[BlackElo "1728"]
[PlyCount "44"]
[EventDate "1997.04.30"]

1. Nf3 Nf6 2. c4 e6 3. g3 d5 4. Bg2 Be7 5. O-O O-O 6. cxd5 exd5 7. d3 c6 8. Qc2
Re8 9. Nc3 Bg4 10. Ne5 Bh5 11. Bf4 Nbd7 12. Qb3 Nxe5 13. Bxe5 Nd7 14. Bf4 Nc5
15. Qc2 Ne6 16. Bc1 Nd4 17. Qd2 Bb4 18. e3 Nf3+ 19. Bxf3 Bxf3 20. e4 Bxc3 21.
bxc3 dxe4 22. d4 Qd7 0-1

[Event "Festival Maggio"]
[Site "Roma ITA"]
[Date "1997.04.??"]
[Round "1"]
[White "Fantazzini, Massimiliano"]
[Black "Pienabarca, Nicola"]
[Result "0-1"]
[WhiteElo "1753"]
[BlackElo "1950"]
[PlyCount "86"]
[EventDate "1997.04.30"]

1. c4 Nf6 2. Nc3 e6 3. d4 Bb4 4. e3 c5 5. Nf3 d6 6. Be2 Qe7 7. Bd2 Bxc3 8. Bxc3
Ne4 9. Qb3 Nd7 10. Rd1 O-O 11. Nd2 Nxc3 12. Qxc3 e5 13. dxc5 dxc5 14. Bf3 f5
15. Bd5+ Kh8 16. O-O e4 17. Qa3 Rf6 18. Nb1 Ne5 19. Nc3 Rh6 20. f3 exf3 21.
Bxf3 Nxc4 22. Qxc5 Nd6 23. Qd4 Bd7 24. Nd5 Qg5 25. Nf4 Bb5 26. Rf2 Re8 27. Rc2
Ne4 28. Bxe4 fxe4 29. Rc7 Bc6 30. Qxa7 Qe5 31. Qb6 Ba4 32. Qd4 Qxc7 33. Qxa4
Qc6 34. Qb3 Rd6 35. Rf1 Red8 36. Ne2 Rd2 37. Nd4 Qg6 38. g3 Qh6 39. h4 Qg6 40.
Nf5 h6 41. Qb4 Qg4 42. Qe7 Rd1 43. Nd4 Qxg3+ 0-1

[Event "Festival Maggio"]
[Site "Roma ITA"]
[Date "1997.04.??"]
[Round "1"]
[White "Farina, Saverio"]
[Black "Esposito, Marco"]
[Result "1-0"]
[WhiteElo "2170"]
[BlackElo "1779"]
[PlyCount "105"]
[EventDate "1997.04.30"]

1. d4 d5 2. c4 c6 3. Nc3 Nf6 4. Bg5 dxc4 5. e4 Qa5 6. Bxf6 exf6 7. Bxc4 Bb4 8.
Qb3 O-O 9. Nge2 Nd7 10. O-O Nb6 11. Bd3 Be6 12. Qc2 Bc4 13. Ng3 Rad8 14. a3 Bd6
15. f4 Bc5 16. Nce2 Bxd4+ 17. Nxd4 Rxd4 18. Bxc4 Nxc4 19. Nf5 Qd2 20. Nxd4
Qxd4+ 21. Qf2 Qxe4 22. Rfe1 Qf5 23. Re7 Nxb2 24. Rxb7 Nd3 25. Qc2 a5 26. Rd1
Qc5+ 27. Qxc5 Nxc5 28. Ra7 Nb3 29. Rb1 Nd2 30. Rc1 Rb8 31. Rd1 Nc4 32. a4 g5
33. Rdd7 Rb4 34. Rxf7 Rxa4 35. Rg7+ Kh8 36. Rxh7+ Kg8 37. Rhg7+ Kh8 38. Rh7+
Kg8 39. Rag7+ Kf8 40. Rf7+ Kg8 41. Rhg7+ Kh8 42. Rc7 gxf4 43. Rgd7 Ra1+ 44. Kf2
Ra2+ 45. Ke1 Rxg2 46. Rd8+ Rg8 47. Rxg8+ Kxg8 48. Rxc6 Ne5 49. Rxf6 Kg7 50. Rf5
Nf3+ 51. Kf2 Nxh2 52. Rxf4 Kg6 53. Rh4 1-0

[Event "Festival Maggio"]
[Site "Roma ITA"]
[Date "1997.04.??"]
[Round "1"]
[White "Galeno, Walter"]
[Black "Teodorescu, Florin Cornel"]
[Result "0-1"]
[WhiteElo "1803"]
[BlackElo "2300"]
[PlyCount "98"]
[EventDate "1997.04.30"]

1. Nf3 Nf6 2. g3 g6 3. Bg2 Bg7 4. O-O O-O 5. d3 d6 6. Nbd2 e5 7. c3 Bg4 8. Qc2
Qc8 9. Re1 Bh3 10. d4 Bxg2 11. Kxg2 Nc6 12. e4 Re8 13. d5 Ne7 14. Nc4 Nh5 15.
Ne3 Rf8 16. Nf1 h6 17. Be3 f5 18. exf5 gxf5 19. Rad1 Qd7 20. c4 Rf7 21. Qe2 Nf6
22. Bc1 Ng6 23. Qc2 Raf8 24. c5 Ne7 25. Qb3 b6 26. c6 Qc8 27. Qc4 f4 28. Rxe5
dxe5 29. Nxe5 f3+ 30. Nxf3 Ne8 31. Bf4 Nd6 32. Qe2 Ng6 33. Qe6 Nxf4+ 34. gxf4
Qxe6 35. dxe6 Rxf4 36. e7 Re8 37. Ne3 Rxf3 38. Kxf3 Rxe7 39. Nd5 Rf7+ 40. Kg2
Bxb2 41. Nxc7 Rxc7 42. Rxd6 Kg7 43. f4 Bf6 44. Kf3 Kf7 45. f5 Be5 46. Rxh6 Bf6
47. Kg4 Rxc6 48. Rh7+ Bg7 49. h4 Rh6 0-1

[Event "Festival Maggio"]
[Site "Roma ITA"]
[Date "1997.04.??"]
[Round "1"]
[White "Guarnieri, Giuseppe"]
[Black "Simeone, Giulio"]
[Result "0-1"]
[WhiteElo "1921"]
[BlackElo "1714"]
[PlyCount "110"]
[EventDate "1997.04.30"]

1. d4 g6 2. Nf3 Bg7 3. g3 b6 4. Bg2 Bb7 5. O-O Nf6 6. c4 c5 7. d5 O-O 8. Nc3 d6
9. e4 Nbd7 10. h3 Ne5 11. Nxe5 dxe5 12. Be3 Bc8 13. a4 Bd7 14. Qc2 Qc8 15. Kh2
Ne8 16. Rad1 Nd6 17. b3 f5 18. Bg5 Rf7 19. f4 h6 20. fxe5 hxg5 21. exd6 exd6
22. Nb5 Be5 23. exf5 gxf5 24. Rde1 Qd8 25. Rxe5 dxe5 26. Nd6 Rf6 27. Nxf5 Qf8
28. Ne7+ Qxe7 29. d6 Qxd6 30. Rxf6 Qxf6 31. Bxa8 Qf5 32. Qg2 Kh8 33. Be4 Qe6
34. Qf1 Kg7 35. g4 Qf6 36. Bf5 Bc6 37. Qd3 e4 38. Qg3 Qb2+ 39. Kg1 Qc1+ 40. Kh2
Qf4 41. Qxf4 gxf4 42. h4 e3 43. Kg1 Bf3 44. g5 Bd1 45. Kf1 Bxb3 46. Bd3 Bxa4
47. h5 Be8 48. h6+ Kh8 49. g6 a5 50. Be4 a4 51. g7+ Kg8 52. Ke2 a3 53. Bd5+ Bf7
54. h7+ Kxh7 55. Bxf7 Kxg7 0-1